| 000 | 00678nam a2200289Ia 4500 | ||
|---|---|---|---|
| 005 | 20260324143922.0 | ||
| 008 | 008 260324s9999 xx 000 0 eng d | ||
| 020 | _a9781003554301 | ||
| 037 | _aEBOOK | ||
| 040 | _aCRL | ||
| 040 | _beng | ||
| 040 | _cCRL | ||
| 041 | _2eng | ||
| 041 | _aeng | ||
| 084 | _qCRL | ||
| 100 |
_aMarc Lienhard _91217409 |
||
| 245 | 0 | _aUn temps, une ville, Réforme | |
| 245 | 0 | _bLa Réformation a Strasbourg | |
| 260 | _bTaylor and Francis | ||
| 260 | _c1990 | ||
| 365 | _a | ||
| 365 | _b56.99 | ||
| 856 | _uhttp://www.taylorfrancis.com/books/9781003554301 | ||
| 942 | _cEBOOK | ||
| 999 |
_c1823377 _d1823377 |
||